<?xml version="1.0" encoding="UTF-8"?>
<record
    xmlns:xsi="http://www.w3.org/2001/XMLSchema-instance"
    xsi:schemaLocation="http://www.loc.gov/MARC21/slim http://www.loc.gov/standards/marcxml/schema/MARC21slim.xsd"
    xmlns="http://www.loc.gov/MARC21/slim">

  <leader>00726nam a2200181Ia 4500</leader>
  <controlfield tag="008">090124s9999    xx            000 0 und d</controlfield>
  <datafield tag="082" ind1=" " ind2=" ">
    <subfield code="b">122741</subfield>
  </datafield>
  <datafield tag="100" ind1=" " ind2=" ">
    <subfield code="a">&#x915;&#x941;&#x932;&#x915;&#x930;&#x94D;&#x923;&#x940; &#x91C;&#x940;.&#x90F;.(&#x917;&#x941;&#x930;&#x941;&#x928;&#x93E;&#x925; &#x906;&#x92C;&#x93E;&#x91C;&#x940; )</subfield>
  </datafield>
  <datafield tag="245" ind1=" " ind2=" ">
    <subfield code="a"> &#x92E;&#x93E;&#x923;&#x938;&#x947; &#x906;&#x930;&#x92D;&#x93E;&#x91F; &#x906;&#x923;&#x93F; &#x91A;&#x93F;&#x932;&#x94D;&#x932;&#x930;</subfield>
  </datafield>
  <datafield tag="250" ind1=" " ind2=" ">
    <subfield code="a">1</subfield>
  </datafield>
  <datafield tag="260" ind1=" " ind2=" ">
    <subfield code="c">1988</subfield>
  </datafield>
  <datafield tag="300" ind1=" " ind2=" ">
    <subfield code="a">132</subfield>
  </datafield>
  <datafield tag="600" ind1=" " ind2=" ">
    <subfield code="a">&#x915;&#x941;&#x932;&#x915;&#x930;&#x94D;&#x923;&#x940; &#x91C;&#x940;.&#x90F;.(&#x917;&#x941;&#x930;&#x941;&#x928;&#x93E;&#x925; &#x906;&#x92C;&#x93E;&#x91C;&#x940; )</subfield>
  </datafield>
  <datafield tag="630" ind1=" " ind2=" ">
    <subfield code="a"> &#x92E;&#x93E;&#x923;&#x938;&#x947; &#x906;&#x930;&#x92D;&#x93E;&#x91F; &#x906;&#x923;&#x93F; &#x91A;&#x93F;&#x932;&#x94D;&#x932;&#x930;</subfield>
  </datafield>
  <datafield tag="700" ind1=" " ind2=" ">
    <subfield code="a">&#x915;&#x941;&#x932;&#x915;&#x930;&#x94D;&#x923;&#x940; &#x91C;&#x940;.&#x90F;.(&#x917;&#x941;&#x930;&#x941;&#x928;&#x93E;&#x925; &#x906;&#x92C;&#x93E;&#x91C;&#x940; )</subfield>
  </datafield>
  <datafield tag="730" ind1=" " ind2=" ">
    <subfield code="a"> &#x92E;&#x93E;&#x923;&#x938;&#x947; &#x906;&#x930;&#x92D;&#x93E;&#x91F; &#x906;&#x923;&#x93F; &#x91A;&#x93F;&#x932;&#x94D;&#x932;&#x930;</subfield>
  </datafield>
  <datafield tag="942" ind1=" " ind2=" ">
    <subfield code="c">BOOK</subfield>
  </datafield>
  <datafield tag="999" ind1=" " ind2=" ">
    <subfield code="c">168827</subfield>
    <subfield code="d">168827</subfield>
  </datafield>
  <datafield tag="952" ind1=" " ind2=" ">
    <subfield code="0">0</subfield>
    <subfield code="1">0</subfield>
    <subfield code="4">0</subfield>
    <subfield code="7">0</subfield>
    <subfield code="a">THNMGS</subfield>
    <subfield code="b">THNMGS</subfield>
    <subfield code="d">0000-00-00</subfield>
    <subfield code="g">40.00</subfield>
    <subfield code="l">0</subfield>
    <subfield code="o">122741</subfield>
    <subfield code="p">THNMGS-122741</subfield>
    <subfield code="r">2009-01-24 00:00:00</subfield>
    <subfield code="v">40.00</subfield>
    <subfield code="w">2009-01-24</subfield>
    <subfield code="y">BOOK</subfield>
  </datafield>
</record>
